MARC details
| 000 -CABECERA |
| campo de control de longitud fija |
01079nas a2200241 a 4500 |
| 005 - FECHA Y HORA DE LA ÚLTIMA TRANSACCIÓN |
| campo de control |
20251028175255.0 |
| 006 - ELEMENTOS DE LONGITUD FIJA – CARACTERÍSTICAS DE MATERIALES ADICIONALES – INFORMACIÓN GENERAL |
| campo de control de longitud fija |
s|||||o|||| 00| 0 |
| 008 - ELEMENTOS DE LONGITUD FIJA--INFORMACIÓN GENERAL |
| campo de control de longitud fija |
231116c2005 fr|gr|p|o|||| 00| 0 spa d |
| 022 ## - NÚMERO INTERNACIONAL NORMALIZADO PARA PUBLICACIONES SERIADAS |
| Número Internacional Normalizado para Publicaciones Seriadas |
1957-7273 |
| 040 ## - FUENTE DE LA CATALOGACIÓN |
| Centro catalogador/agencia de origen |
MX-MxUPN |
| Lengua de catalogación |
spa |
| Centro/agencia transcriptor |
MX-MxUPN |
| Normas de descripción |
aacr2 |
| 245 1# - MENCIÓN DE TÍTULO |
| Título |
Histoire(s) de l'Amérique latine |
| Medio |
[recurso electrónico en línea] |
| 260 ## - PUBLICACIÓN, DISTRIBUCIÓN, ETC. |
| Lugar de publicación, distribución, etc. |
París, Francia : |
| Nombre del editor, distribuidor, etc. |
Association Histoire(s) de l'Amérique latine (HISAL), |
| Fecha de publicación, distribución, etc. |
2005- |
| 310 ## - FRECUENCIA ACTUAL DE LA PUBLICACION |
| Periodicidad actual |
Bianual |
| 506 0# - NOTA DE RESTRICCIONES AL ACCESO |
| Limitaciones de acceso |
Acceso abierto |
| 510 1# - NOTA DE CITAS O REFERENCIAS BIBLIOGRÁFICAS |
| Nombre de la fuente |
Latindex |
| 520 1# - NOTA DE RESUMEN, ETC. |
| Sumario, etc. |
Es una publicación con sistema peer-reviewed sobre América latina que publica trabajos de investigación con una perspectiva histórica, que sea de historia política, social, económica o cultural, de historia de las ideas o de las mentalidades, civilización, sociología, antropología, etnología, arte y de ciencias o lingüística. |
| 650 #4 - ASIENTO SECUNDARIO DE MATERIA - TERMINO TEMATICO |
| Término de materia o nombre geográfico como elemento de entrada |
Historia |
| 9 (RLIN) |
1690 |
| 650 #4 - ASIENTO SECUNDARIO DE MATERIA - TERMINO TEMATICO |
| Término de materia o nombre geográfico como elemento de entrada |
Ciencias sociales |
| 9 (RLIN) |
9133 |
| 650 #2 - ASIENTO SECUNDARIO DE MATERIA - TERMINO TEMATICO |
| Término de materia o nombre geográfico como elemento de entrada |
Antropología |
| 9 (RLIN) |
4499 |
| 856 4# - LOCALIZACIÓN Y ACCESO ELECTRÓNICOS |
| Identificador Uniforme del Recurso |
<a href="https://hisal.org/index.php/revue">https://hisal.org/index.php/revue</a> |
| 902 ## - ELEMENTOS DE DATOS B LOCAL, LDB (RLIN) |
| Creó |
Gloria Jiménez/161123 |
| 942 ## - ELEMENTOS DE PUNTO DE ACCESO ADICIONAL (KOHA) |
| Tipo de ítem Koha |
Revista Electrónica |